Medical astrology : (Record no. 211791)

MARC details
000 -LEADER
fixed length control field 00657nam a22001937a 4500
005 - DATE AND TIME OF LATEST TRANSACTION
control field 20250613120442.0
010 ## - LCCN (DPL NO)
LC control number ENG-145335
020 ## - INTERNATIONAL STANDARD BOOK NUMBER
International Standard Book Number 9788195742837
Terms of availability 995.00
035 ## - SYSTEM CONTROL NUMBER
System control number EN-128867
037 ## - SOURCE OF ACQUISITION
Source of stock number/acquisition DBAD
082 ## - DEWEY DECIMAL CLASSIFICATION NUMBER
Classification number 133.5861
100 ## - MAIN ENTRY--PERSONAL NAME
Personal name Tiwari, Narendra
245 ## - TITLE STATEMENT
Title Medical astrology :
Statement of responsibility, etc by Narendra Tiwari
Remainder of title a treatise on medical astrology & diagnosis from horoscope /
260 ## - PUBLICATION, DISTRIBUTION, ETC. (IMPRINT)
Place of publication, distribution, etc Ghaziabad
Name of publisher, distributor, etc Kanhya Publisher
Date of publication, distribution, etc 2022
270 ## - ADDRESS
Address Ground Floor,260 Shaktikhand III, Indirapuram
City Ghaziabad
Postal code 201010
300 ## - PHYSICAL DESCRIPTION
Extent 222p.
Dimensions 22cm(pb)
500 ## - GENERAL NOTE
General note Includes bibliographical references
942 ## - ADDED ENTRY ELEMENTS (KOHA)
Source of classification or shelving scheme Dewey Decimal Classification
Item type English Books
Call number suffix TIW
Classification part 133.5861
Holdings
Withdrawn status Lost status Not for loan Collection code Home library Current library Date acquired Source of acquisition Cost, normal purchase price Full call number Barcode Copy number Cost, replacement price Koha item type
      Non-fiction RC3 Shakur Pur RC3 Shakur Pur 13/06/2025 Delivery of Books Act Division 995.00 TIW 133.5861 EN-128867 1 995.00 English Books

© Delhi Public Library
Hit Counter
free hit counter